ERS-1 Study '94, Ispra, 23-24 Febbraio 1995 ; final workshop : proceedings

Bibliographic Details
Other Authors: De Grandi, Malingreau
Format: Book
Published: Ispra, Italy : Ec Joint Research Centre , 1997
Subjects:

MARC

LEADER 00000cam a2200000 7i4500
001 0000002478
005 20030630.0
090 0 0 |a 577.30913   |b ERS 1997 
245 0 0 |a ERS-1 Study '94, Ispra, 23-24 Febbraio 1995 ; final workshop :   |b proceedings   |c editors, J. P. Malingreau, D. F. de Grandi 
260 0 0 |a Ispra, Italy :   |b Ec Joint Research Centre ,   |c 1997 
300 |a 212 p. :   |b ill. ;   |c 30 cm. 
500 0 0 |a Includes bibliographical references 
650 0 0 |a Ecology   |z Tropics   |x Congresses 
650 0 0 |a Forests and forestry   |z Tropics   |x Congresses 
650 0 0 |a Trees   |z Tropics   |x Congresses 
700 0 1 |a De Grandi   |h G. F. 
700 0 1 |a Malingreau   |h J. P. 
998 |a JPSM 
999 |a 0000004628   |b Monograph   |c Open Shelf   |e Default branch